| 000 | 00688nam a22002177a 4500 | ||
|---|---|---|---|
| 999 |
_c15376 _d15376 |
||
| 003 | AR-CdUCM | ||
| 008 | 190426b ||||| |||| 00| 0 spa d | ||
| 020 | _a978-612-4026-31-7 | ||
| 040 |
_aMUNICIPALIDAD PROVINCIAL DEL CUSCO _cBIBLIOTECA MUNICIPAL DEL CUSCO |
||
| 082 |
_aPI / 800.3 / _bSO66 |
||
| 245 | _aEl soldadito de plomo / | ||
| 260 |
_aLima : _bDidáctica, _c2010. |
||
| 300 |
_bilustraciones, _c29 cm. |
||
| 440 |
_aColección Diviértete Coloreando. _934426 |
||
| 650 |
_aAprendizaje infantil _933271 |
||
| 650 |
_aCuentos infantiles _93927 |
||
| 650 |
_aHistorietas _910786 |
||
| 710 |
_aDidáctica Editorial. _934427 |
||
| 942 |
_2ddc _cLIBROS |
||
| 945 |
_aachl _d2019-04-26 |
||